Gelnica
Zobrazenie: celkový pohľad na mesto, vpravo radnica s vežou
| Format: | Photo |
|---|---|
| Language: | Slovak German Hungarian |
| Published: |
[Slovensko?]
Buducnost
[1943?]
|
| Subjects: |
MARC
| LEADER | 00000nkm a2200000 a 4500 | ||
|---|---|---|---|
| 001 | vtls011588957 | ||
| 003 | SK-MaSNL | ||
| 005 | 20260301140412.0 | ||
| 007 | kf ao | ||
| 008 | 231214q1943 xo g kuslo | ||
| 015 | |a SNBG | ||
| 035 | |a urn:nbn:sk:snk-km00coyc | ||
| 035 | |a urn:nbn:sk:snk-km3lqbl | ||
| 035 | |a 57A46251-7E8E-4A7A-8A6D-BAB50288BD3A | ||
| 040 | |a SNK |b slo |c SNK |e AACR2 | ||
| 041 | 0 | |a slo |a ger |a hun | |
| 043 | |a e-xo--- | ||
| 044 | |a xo |c SK | ||
| 080 | |a 913(437.6) |2 2001 | ||
| 080 | |a 711.435 |2 2001 | ||
| 080 | |a (084.121) |2 2001 | ||
| 245 | 0 | 0 | |a Gelnica |h grafika |
| 246 | 3 | 1 | |a Göllnitz |
| 246 | 3 | 1 | |a Gölniczbánya |
| 260 | |a [Slovensko?] |b Buducnost |c [1943?] |e Prague |f Minerva | ||
| 300 | |a 1 pohľadnica |b tónovaná do modra |c 9 x 14 cm | ||
| 520 | 8 | |a Zobrazenie: celkový pohľad na mesto, vpravo radnica s vežou | |
| 546 | |a Súbežný názov nemecky a maďarsky | ||
| 651 | 7 | |a Gelnica (Slovensko) |2 SNKPH |9 16801 | |
| 655 | 7 | |a miestne pohľadnice |2 SNKPH |9 70510 | |
| 852 | |a Slovenská národná knižnica | ||
| 958 | |a GC | ||
| 958 | |a GBN | ||
| 958 | |a OND | ||
| 999 | |c 763545 |d 765475 | ||
| 952 | |a SNK |b SNK |y PREZ |7 0 |p 17A1216049 |o snkSP 11021 |0 0 |1 0 |4 0 |d 2016-10-25 |f 1 |l 0 |r 2026-02-24 00:11:29 |w 2026-02-24 | ||


